[Event "Esports World Cup 2025"]
[Site "Riyadh KSA"]
[Date "2025.07.31"]
[Round "1.1.1"]
[White "Carlsen, Magnus"]
[Black "Nihal, Sarin"]
[Result "1/2-1/2"]
[WhiteTitle "GM"]
[BlackTitle "GM"]
[WhiteElo "2839"]
[BlackElo "2692"]
[WhiteFideId "1503014"]
[BlackFideId "25092340"]
[EventDate "2025.07.31"]
[EventType "k.o."]

1. d4 Nf6 2. c4 e6 3. g3 d5 4. Bg2 Nc6 5. Nc3 dxc4 6. Nf3 Bb4 7. a3 Bxc3+ 8.
bxc3 O-O 9. O-O h6 10. Qa4 Bd7 11. Qxc4 Na5 12. Qb4 c5 13. dxc5 Nd5 14. Qg4 f5
15. Qh5 Be8 16. Qh4 Nxc3 17. Qb4 Nxe2+ 18. Kh1 Nxc1 19. Raxc1 Qc7 20. Nd4 Bd7
21. Rfd1 Rae8 22. Kg1 Kh7 23. Nb5 Bxb5 24. Qxb5 Rd8 25. Rb1 Nc6 26. Rxd8 Rxd8
27. Qxb7 Qxb7 28. Rxb7 Rd1+ 29. Bf1 Rc1 30. Kg2 Kg6 31. Bb5 Rxc5 32. a4 Ne5 33.
Be8+ Kh7 34. Rxa7 Rc2 35. Re7 Ng4 36. Rxe6 g5 37. Re7+ Kh8 38. Bg6 Rxf2+ 39. Kg1
Ra2 40. Bxf5 Rxa4 41. h3 Ra1+ 42. Kg2 Ra2+ 43. Kf3 Nh2+ 44. Ke3 Nf1+ 45. Kd4
Nxg3 46. Bd3 Ra5 47. Rh7+ Kg8 48. Rxh6 Nf5+ 49. Bxf5 Rxf5 50. Ke4 Ra5 51. Kf3
Kg7 52. Rb6 Ra4 53. Kg3 Rf4 54. Rb5 Kg6 55. Rb6+ Rf6 56. Rb8 Rf7 57. Rg8+ Kh6
58. Rh8+ Kg6 59. Ra8 Rf4 60. Ra6+ Rf6 61. Ra8 Rf4 62. Rb8 Kh6 63. Rb7 Kg6 64.
Rb6+ Rf6 65. Rb3 Rf4 66. Rb6+ 1/2-1/2

[Event "Esports World Cup 2025"]
[Site "Riyadh KSA"]
[Date "2025.07.31"]
[Round "1.1.1"]
[White "Firouzja, Alireza"]
[Black "Abdusattorov, Nodirbek"]
[Result "1/2-1/2"]
[WhiteTitle "GM"]
[BlackTitle "GM"]
[WhiteElo "2766"]
[BlackElo "2771"]
[WhiteFideId "12573981"]
[BlackFideId "14204118"]
[EventDate "2025.07.31"]
[EventType "k.o."]

1. d4 Nf6 2. g3 e6 3. Bg2 d5 4. Nf3 c5 5. O-O cxd4 6. Nxd4 e5 7. Nb3 Be6 8. e4
Nxe4 9. c4 Nf6 10. Bg5 d4 11. Bxf6 gxf6 12. Bxb7 Nd7 13. N1d2 Rb8 14. Bd5 Bxd5
15. cxd5 Bg7 16. Qg4 O-O 17. Ne4 Kh8 18. Rac1 a5 19. Rc6 a4 20. Nbd2 Nb6 21. d6
Qd7 22. Qxd7 Nxd7 23. Rc7 f5 24. Rxd7 fxe4 25. Nxe4 f5 26. Ng5 e4 27. Ne6 Rg8
28. Rf7 Rb6 29. Rxf5 Rxd6 30. Ng5 Rd7 31. Nxe4 Rb8 32. Nc5 Rb5 33. Re1 Rd8 34.
g4 Rxb2 35. Nxa4 Rxa2 36. Nc5 Ra5 37. Kg2 Rc8 38. Nd3 Rxf5 39. gxf5 Rf8 40. f4
Rxf5 41. Kf3 Kg8 42. Re7 Ra5 43. Rd7 h6 44. h3 Rb5 45. Rd8+ Kf7 46. Rd7+ Kg8 47.
Kg4 h5+ 48. Kf3 Rb1 49. f5 Rf1+ 50. Ke4 h4 51. Nf4 Re1+ 52. Kf3 Rf1+ 53. Kg4
Rg1+ 54. Kxh4 Bf6+ 55. Kh5 Rg5+ 56. Kh6 Rxf5 57. Nd5 Bh4 58. Nb4 1/2-1/2

[Event "Esports World Cup 2025"]
[Site "Riyadh KSA"]
[Date "2025.07.31"]
[Round "1.1.1"]
[White "Erigaisi, Arjun"]
[Black "Nepomniachtchi, Ian"]
[Result "1/2-1/2"]
[WhiteTitle "GM"]
[BlackTitle "GM"]
[WhiteElo "2776"]
[BlackElo "2742"]
[WhiteFideId "35009192"]
[BlackFideId "4168119"]
[EventDate "2025.07.31"]
[EventType "k.o."]

1. e4 e5 2. Nf3 Nf6 3. Nxe5 d6 4. Nf3 Nxe4 5. d4 d5 6. Bd3 Nc6 7. O-O Be7 8.
Nbd2 Nxd2 9. Bxd2 Bg4 10. c3 O-O 11. h3 Bh5 12. g3 Re8 13. Kg2 a6 14. Re1 Bg6
15. Bxg6 hxg6 16. Qb3 Na5 17. Qc2 Nc4 18. Bf4 Bd6 19. Bg5 Qd7 20. b3 Nb6 21. c4
dxc4 22. bxc4 Qa4 23. Qxa4 Nxa4 24. c5 Bf8 25. Bf4 Rxe1 26. Rxe1 Rc8 27. Rc1 f6
28. Rc4 b5 29. cxb6 Nxb6 30. Rxc7 Rxc7 31. Bxc7 Nd5 32. Ba5 Kf7 33. Ne1 Bb4 34.
Bxb4 Nxb4 35. a3 Nc6 36. Nc2 Ke6 37. Kf3 Kd5 38. Ke3 Kc4 39. g4 a5 40. Ke4 Kb3
41. d5 Ne5 42. Nd4+ Kxa3 43. Nc6 Nc4 44. Kd4 Kb3 45. Kc5 a4 46. Nd4+ Kc3 47.
Nb5+ Kb3 48. f4 g5 49. fxg5 fxg5 50. d6 Ne5 51. Kd5 Nd7 52. Kc6 Ne5+ 53. Kd5 Nd7
54. Kc6 Ne5+ 55. Kd5 1/2-1/2

[Event "Esports World Cup 2025"]
[Site "Riyadh KSA"]
[Date "2025.07.31"]
[Round "1.1.2"]
[White "Abdusattorov, Nodirbek"]
[Black "Firouzja, Alireza"]
[Result "1/2-1/2"]
[WhiteTitle "GM"]
[BlackTitle "GM"]
[WhiteElo "2771"]
[BlackElo "2766"]
[WhiteFideId "14204118"]
[BlackFideId "12573981"]
[EventDate "2025.07.31"]
[EventType "k.o."]

1. e4 c6 2. Nf3 d5 3. d3 g6 4. Nbd2 Bg7 5. g3 e5 6. Bg2 Ne7 7. O-O O-O 8. Re1
Qc7 9. a4 a5 10. Qe2 Na6 11. b3 Nb4 12. Nf1 dxe4 13. dxe4 b6 14. Ba3 Ba6 15. Qd2
Rad8 16. Qc3 c5 17. Ne3 Nec6 18. Qb2 Nd4 19. Qb1 Ne2+ 20. Rxe2 Bxe2 21. c3 Nc6
22. Nd5 Qb7 23. Qc2 Ba6 24. Re1 Ne7 25. c4 Nc6 26. h4 h5 27. Bc1 Qb8 28. Bg5 f6
29. Bc1 Bc8 30. Kh2 Bg4 31. Qd3 Kh7 32. Bd2 Bh6 33. Bc3 Qd6 34. Kg1 Rde8 35. Nh2
Bc8 36. Rd1 Nd4 37. Re1 Be6 38. Nf3 Kg7 39. Bb2 Rf7 40. Ba3 Rd8 41. Nxd4 exd4
42. f4 Bxd5 43. cxd5 Re7 44. Re2 Kh7 45. Bf3 Kg7 46. Kg2 Rde8 47. Qxd4 cxd4 48.
Bxd6 Rd7 49. e5 fxe5 50. Bxe5+ Kf8 51. d6 d3 52. Re3 Rxe5 53. Rxe5 Rxd6 54. Rd5
Rxd5 55. Bxd5 d2 56. Bf3 Bg7 57. Kf2 Bd4+ 58. Ke2 Kg7 59. Kxd2 Bf2 60. g4 hxg4
61. Bxg4 Bxh4 62. f5 gxf5 63. Bxf5 Kf6 64. Bd3 Ke5 65. Kc2 Kd6 66. Bc4 Kc5 1/2-1/2

[Event "Esports World Cup 2025"]
[Site "Riyadh KSA"]
[Date "2025.07.31"]
[Round "1.1.2"]
[White "Nepomniachtchi, Ian"]
[Black "Erigaisi, Arjun"]
[Result "0-1"]
[WhiteTitle "GM"]
[BlackTitle "GM"]
[WhiteElo "2742"]
[BlackElo "2776"]
[WhiteFideId "4168119"]
[BlackFideId "35009192"]
[EventDate "2025.07.31"]
[EventType "k.o."]

1. e4 c5 2. Nf3 e6 3. d4 cxd4 4. Nxd4 Nc6 5. Nc3 Nf6 6. Bc4 Qc7 7. Nxc6 bxc6 8.
Qe2 Be7 9. e5 Nd5 10. Bd2 O-O 11. h4 Rb8 12. Bb3 f6 13. exf6 Bxf6 14. h5 Nxc3
15. Bxc3 Bxc3+ 16. bxc3 Qa5 17. Rh3 Rb5 18. O-O-O Re5 19. Qd2 Rxh5 20. Rxh5 Qxh5
21. f3 Qc5 22. Kb2 d5 23. Re1 h6 24. a4 Qb6 25. Qe2 c5 26. c4 Rf4 27. a5 Qb8 28.
Qe5 Qxe5+ 29. Rxe5 Kf7 30. cxd5 Kf6 31. Re3 c4 32. dxe6 Bxe6 33. Ba2 h5 34. Kc3
h4 35. a6 g5 36. Re1 g4 37. fxg4 Rxg4 38. Re2 Bd5 39. Rd2 Ke5 40. Re2+ Kd6 41.
Rd2 Kc5 42. Re2 Rg3+ 43. Kb2 Rxg2 44. Re7 h3 45. Rxa7 h2 46. Rh7 Rf2 0-1

[Event "Esports World Cup 2025"]
[Site "Riyadh KSA"]
[Date "2025.07.31"]
[Round "1.1.2"]
[White "Nihal, Sarin"]
[Black "Carlsen, Magnus"]
[Result "0-1"]
[WhiteTitle "GM"]
[BlackTitle "GM"]
[WhiteElo "2692"]
[BlackElo "2839"]
[WhiteFideId "25092340"]
[BlackFideId "1503014"]
[EventDate "2025.07.31"]
[EventType "k.o."]

1. d4 Nf6 2. Nf3 b6 3. Bg5 e6 4. Nbd2 h6 5. Bh4 Bb7 6. e3 c5 7. Bd3 cxd4 8. exd4
Be7 9. O-O O-O 10. Re1 d6 11. a4 a6 12. c3 Re8 13. Nc4 Nbd7 14. Bg3 Qc7 15. Ne3
Bf8 16. Qe2 g6 17. h3 Qc8 18. Nc4 Qc7 19. Ne3 Qc8 20. Nd2 e5 21. dxe5 dxe5 22.
Bc2 Qc6 23. Bh2 Rad8 24. Nf3 Bg7 25. Rad1 b5 26. axb5 axb5 27. Bb3 Qb6 28. Nd5
Bxd5 29. Bxd5 e4 30. Nh4 Nxd5 31. Rxd5 Nc5 32. Red1 Nd3 33. Rxd8 Rxd8 34. g4 b4
35. Bg3 bxc3 36. bxc3 Qc6 37. Ng2 Bxc3 38. Nf4 Qc4 39. Qc2 Kh7 40. Qe2 Be5 41.
Kh2 Qb3 42. Rxd3 Rxd3 43. Qxe4 Bxf4 44. Qxf4 Qd5 45. Qf6 Qf3 46. Qxf3 Rxf3 47.
Kg2 Rb3 48. Be5 Kg8 49. f3 Rb5 50. Bf6 Kf8 51. Kg3 Ke8 52. h4 h5 53. Bg5 Kd7 54.
gxh5 gxh5 55. Be3 Ke6 56. Kf4 Rb4+ 57. Kg3 Kd5 58. Bg5 Kd4 59. Be7 Rb7 60. Bg5
Kd3 61. Kf2 Rb2+ 62. Kf1 Ra2 63. Bh6 f6 64. Bg7 f5 65. Bh6 Ra4 66. Bg5 f4 67.
Bf6 Ke3 68. Kg2 Ra2+ 69. Kh3 Kxf3 70. Bb2 Ke2 0-1

[Event "Esports World Cup 2025"]
[Site "Riyadh KSA"]
[Date "2025.07.31"]
[Round "1.1.3"]
[White "Carlsen, Magnus"]
[Black "Nihal, Sarin"]
[Result "1-0"]
[WhiteTitle "GM"]
[BlackTitle "GM"]
[WhiteElo "2839"]
[BlackElo "2692"]
[WhiteFideId "1503014"]
[BlackFideId "25092340"]
[EventDate "2025.07.31"]
[EventType "k.o."]

1. d4 d5 2. c4 e6 3. Nf3 Nd7 4. cxd5 exd5 5. Nc3 c6 6. Bf4 Nb6 7. e3 Bf5 8. h3
Bd6 9. Bxd6 Qxd6 10. Nh4 Bg6 11. Nxg6 hxg6 12. Bd3 Nf6 13. Qc2 O-O-O 14. O-O-O
Kb8 15. Kb1 Rde8 16. h4 Ng4 17. g3 Qe7 18. Rc1 Qf6 19. Qe2 Qe6 20. Qf3 Nf6 21.
Rc2 Ka8 22. Rhc1 Ne4 23. Qd1 f5 24. a4 Nd7 25. a5 Nxc3+ 26. Rxc3 a6 27. Bxa6
bxa6 28. Rxc6 Qe4+ 29. Ka2 Nb8 30. Rc7 1-0

[Event "Esports World Cup 2025"]
[Site "Riyadh KSA"]
[Date "2025.07.31"]
[Round "1.1.3"]
[White "Erigaisi, Arjun"]
[Black "Nepomniachtchi, Ian"]
[Result "0-1"]
[WhiteTitle "GM"]
[BlackTitle "GM"]
[WhiteElo "2776"]
[BlackElo "2742"]
[WhiteFideId "35009192"]
[BlackFideId "4168119"]
[EventDate "2025.07.31"]
[EventType "k.o."]

1. e4 c5 2. Nf3 d6 3. d4 cxd4 4. Nxd4 Nf6 5. Nc3 a6 6. Be2 e5 7. Nb3 Be6 8. O-O
Nbd7 9. f4 Rc8 10. Be3 b5 11. f5 Bc4 12. Bxc4 Rxc4 13. Nd2 Rc8 14. a4 b4 15. Nd5
Nxd5 16. exd5 Be7 17. a5 Nf6 18. Nb3 Qc7 19. Rf2 Qc4 20. Rd2 Qe4 21. Qf3 Qxf3
22. gxf3 Rc4 23. Ra4 Kd7 24. Na1 Rb8 25. Bb6 Bd8 26. Bxd8 Kxd8 27. Rg2 g6 28.
fxg6 hxg6 29. c3 Nxd5 30. Nc2 bxc3 31. Rxc4 cxb2 32. Na3 b1=Q+ 33. Nxb1 Rxb1+
34. Kf2 Rb2+ 0-1

[Event "Esports World Cup 2025"]
[Site "Riyadh KSA"]
[Date "2025.07.31"]
[Round "1.1.3"]
[White "Firouzja, Alireza"]
[Black "Abdusattorov, Nodirbek"]
[Result "1-0"]
[WhiteTitle "GM"]
[BlackTitle "GM"]
[WhiteElo "2766"]
[BlackElo "2771"]
[WhiteFideId "12573981"]
[BlackFideId "14204118"]
[EventDate "2025.07.31"]
[EventType "k.o."]

1. d4 Nf6 2. g3 d5 3. Bg2 e6 4. Nf3 c5 5. O-O cxd4 6. Nxd4 e5 7. Nb3 Be6 8. Nc3
Be7 9. f4 exf4 10. gxf4 g6 11. Nd4 Nc6 12. Nxe6 fxe6 13. Qd3 O-O 14. Kh1 Bb4 15.
a3 Bxc3 16. Qxc3 Rc8 17. Qd3 Ne7 18. b3 Qc7 19. Qe3 Qb6 20. c4 Nf5 21. Qxb6 axb6
22. cxd5 exd5 23. Bb2 d4 24. Rac1 Ne3 25. Bh3 Rc6 26. Rf3 Rxc1+ 27. Bxc1 Nd1 28.
Be6+ Kg7 29. f5 Ne4 30. fxg6 Rxf3 31. exf3 Nc5 32. Bc4 hxg6 33. Kg2 Kf6 34. Kf1
Nc3 35. a4 Ke5 36. h4 Nd5 37. Kf2 Nf4 38. Bd2 Nd5 39. Bh6 Ne6 40. Ke2 Ndf4+ 41.
Kf2 Nd5 42. Bd3 Ndf4 43. Be4 Nc5 44. Bg7+ Ke6 45. Bxd4 Nxb3 46. Bxb6 Nd5 47. a5
Nxb6 48. axb6 Nc5 49. Bxg6 Nd7 50. Be4 Nxb6 51. Bxb7 Nc4 52. Kg3 Kf6 53. f4 Ne3
54. Be4 Nc4 55. h5 Nd6 56. Bd3 Nf7 57. Kf3 Nd6 58. h6 Nf7 59. h7 Kg7 60. Kg4 Nd6
61. Bg6 Nc8 62. Kh4 Ne7 63. Be4 Nc8 64. Kg5 Nd6 65. Bg6 Kh8 66. Kf6 Ne4+ 67. Ke5
Ng3 68. Bd3 Kg7 69. Bg6 Kh8 70. Kd5 Kg7 71. Kc4 Kh8 72. Kd3 Kg7 73. Ke3 Nf1+ 74.
Kf2 Nd2 75. Ke2 Nc4 76. Kf3 Nd6 77. Kg4 Nc8 78. Bf5 Ne7 79. Be4 1-0

[Event "Esports World Cup 2025"]
[Site "Riyadh KSA"]
[Date "2025.07.31"]
[Round "1.1.4"]
[White "Abdusattorov, Nodirbek"]
[Black "Firouzja, Alireza"]
[Result "0-1"]
[WhiteTitle "GM"]
[BlackTitle "GM"]
[WhiteElo "2771"]
[BlackElo "2766"]
[WhiteFideId "14204118"]
[BlackFideId "12573981"]
[EventDate "2025.07.31"]
[EventType "k.o."]

1. d4 Nf6 2. Nf3 d5 3. e3 c5 4. dxc5 e6 5. b4 a5 6. c3 axb4 7. cxb4 b6 8. Bb5+
Bd7 9. Bxd7+ Nbxd7 10. a4 bxc5 11. b5 Bd6 12. O-O Ra7 13. Bb2 Qa8 14. Nbd2 O-O
15. Qc2 Nb6 16. Bxf6 gxf6 17. Qc3 Rxa4 18. Qxf6 Qd8 19. Qh6 Rg4 20. Ra6 Bc7 21.
g3 Rg6 22. Qh5 Qf6 23. Rc1 c4 24. Nd4 Kh8 25. Ra7 Bb8 26. Rb7 Na4 27. Nc6 Bd6
28. Rd7 Ba3 29. Rf1 Nc5 30. Ra7 Bb2 31. Nxc4 Rg5 32. Qxg5 Qxg5 33. Nxb2 Qf5 34.
Nd4 Qf6 35. Rc7 e5 36. Rc6 Qe7 37. Nf5 Qd7 38. Rxc5 Qxf5 39. Rxd5 Qc2 40. Nd1 f6
41. e4 Qxe4 42. Ne3 Rb8 43. Rc1 Rb7 44. Rc4 Qb1+ 45. Kg2 Kg7 46. Rg4+ Kf7 47.
Rh4 Ke6 48. Rc4 Rxb5 49. Rc6+ Ke7 50. Rdd6 Qe4+ 51. Kh3 f5 52. Re6+ Kd7 53.
Red6+ Ke7 54. Rh6 f4 55. Rc4 Qd3 56. Rxh7+ Qxh7+ 57. Kg2 Qg6 58. Nf1 Qd3 59.
Rc7+ Kd6 60. Rc8 f3+ 61. Kg1 Qxf1+ 62. Kxf1 Rb1+ 0-1

[Event "Esports World Cup 2025"]
[Site "Riyadh KSA"]
[Date "2025.07.31"]
[Round "1.1.4"]
[White "Nepomniachtchi, Ian"]
[Black "Erigaisi, Arjun"]
[Result "0-1"]
[WhiteTitle "GM"]
[BlackTitle "GM"]
[WhiteElo "2742"]
[BlackElo "2776"]
[WhiteFideId "4168119"]
[BlackFideId "35009192"]
[EventDate "2025.07.31"]
[EventType "k.o."]

1. c4 e6 2. Nf3 d5 3. d4 Nf6 4. g3 dxc4 5. Bg2 Bd7 6. Ne5 Bc6 7. Nxc6 Nxc6 8.
Qa4 Qd7 9. Qxc4 Nd5 10. e3 h5 11. h4 O-O-O 12. Nc3 f5 13. Bd2 Kb8 14. Rc1 Be7
15. Na4 e5 16. Bxd5 Qxd5 17. Qxd5 Rxd5 18. Nc3 Rd7 19. dxe5 Nxe5 20. Ke2 Bf6 21.
Rc2 Nd3 22. Na4 Rhd8 23. Bc3 Bxc3 24. bxc3 c5 25. c4 b6 26. Rb1 Nb4 27. Rcb2 Rd3
28. Rc1 Ra3 29. Nc3 Nd3 30. Rd1 Rxc3 31. Rbd2 Rxc4 32. Rxd3 Rc2+ 33. Kf3 Rxd3
34. Rxd3 Rxa2 35. Rd5 c4 36. Rxf5 c3 37. Rf4 c2 38. Rc4 b5 39. Rc5 b4 40. Ke4 b3
41. Kd3 Ra1 0-1

[Event "Esports World Cup 2025"]
[Site "Riyadh KSA"]
[Date "2025.07.31"]
[Round "2.1.1"]
[White "Firouzja, Alireza"]
[Black "Erigaisi, Arjun"]
[Result "1-0"]
[WhiteTitle "GM"]
[BlackTitle "GM"]
[WhiteElo "2766"]
[BlackElo "2776"]
[WhiteFideId "12573981"]
[BlackFideId "35009192"]
[EventDate "2025.07.31"]
[EventType "k.o."]

1. d4 Nf6 2. g3 g6 3. Bg2 d5 4. c4 c6 5. Qa4 Bg7 6. cxd5 Nxd5 7. Nf3 O-O 8. O-O
Nb6 9. Qc2 Na6 10. Nc3 Bg4 11. Rd1 Nb4 12. Qe4 h5 13. Bg5 Re8 14. a3 N4d5 15. h3
Bxf3 16. Qxf3 Nf6 17. Rac1 Qd7 18. e4 Nh7 19. Bf4 Rad8 20. e5 Nf8 21. d5 cxd5
22. Nxd5 Nxd5 23. Rxd5 Qf5 24. Rxd8 Rxd8 25. Qxb7 Bxe5 26. Be3 Qd7 27. Qxd7 Rxd7
28. b4 Ne6 29. a4 Bd4 30. Rd1 Rd6 31. Kf1 Kf8 32. a5 Bxe3 33. Rxd6 exd6 34. fxe3
Nc7 35. Bc6 Ke7 36. b5 Ke6 37. e4 f5 38. exf5+ Kxf5 39. b6 axb6 40. axb6 Na6 41.
Ke2 g5 42. Bb5 Nb8 43. Kd3 Ke5 44. Kc4 h4 45. g4 d5+ 46. Kc5 d4 47. b7 Ke4 48.
Kd6 d3 49. Bxd3+ Kxd3 50. Ke5 Ke3 51. Kf5 Kf3 52. Kxg5 Kg3 53. Kf5 Kxh3 54. g5
Kh2 55. g6 h3 56. g7 Kh1 57. g8=Q Nc6 58. Qd5+ 1-0

[Event "Esports World Cup 2025"]
[Site "Riyadh KSA"]
[Date "2025.07.31"]
[Round "2.1.2"]
[White "Erigaisi, Arjun"]
[Black "Firouzja, Alireza"]
[Result "1/2-1/2"]
[WhiteTitle "GM"]
[BlackTitle "GM"]
[WhiteElo "2776"]
[BlackElo "2766"]
[WhiteFideId "35009192"]
[BlackFideId "12573981"]
[EventDate "2025.07.31"]
[EventType "k.o."]

1. e4 e5 2. Nf3 Nc6 3. Bc4 Nf6 4. Ng5 d5 5. exd5 Na5 6. Bb5+ c6 7. dxc6 bxc6 8.
Qf3 Be7 9. Bd3 O-O 10. Nc3 h6 11. Nge4 Nd5 12. Ng3 Nb4 13. Nf5 Bg5 14. h4 Bf4
15. g3 g6 16. gxf4 Nxd3+ 17. Qxd3 Bxf5 18. Qxd8 Raxd8 19. d3 Rfe8 20. fxe5 Rxe5+
21. Be3 Bg4 22. b4 Nb7 23. Kd2 a5 24. bxa5 Nxa5 25. Bxh6 c5 26. Rae1 Rf5 27. Ne4
Bf3 28. Bg5 Ra8 29. Ng3 Rd5 30. Rhg1 Nc6 31. Re3 Nd4 32. Bf6 Bg4 33. Ra1 Nf3+
34. Kc3 Rd6 35. Ne4 Rda6 36. Kb2 Nd4 37. Be5 Be6 38. Nxc5 Rxa2+ 39. Rxa2 Rxa2+
40. Kb1 Nxc2 41. Nxe6 Nxe3 42. Kxa2 Ng4 43. Ng5 Nxe5 44. d4 Nd3 45. f3 Nf4 46.
Kb3 Kf8 47. Kc4 Ke7 48. d5 Ng2 49. Kc5 Nxh4 50. d6+ Kd7 51. Kd5 f6 52. Ne4 Nxf3
53. Nc5+ Kd8 54. Ne6+ Kd7 55. Nf8+ Kd8 56. Nxg6 Ne5 57. Nxe5 fxe5 58. Kxe5 Kd7
59. Kd5 Kd8 60. Kc5 Kd7 61. Kd5 Kd8 62. Kc6 Kc8 63. d7+ Kd8 64. Kd6 1/2-1/2

[Event "Esports World Cup 2025"]
[Site "Riyadh KSA"]
[Date "2025.07.31"]
[Round "2.1.3"]
[White "Firouzja, Alireza"]
[Black "Erigaisi, Arjun"]
[Result "1-0"]
[WhiteTitle "GM"]
[BlackTitle "GM"]
[WhiteElo "2766"]
[BlackElo "2776"]
[WhiteFideId "12573981"]
[BlackFideId "35009192"]
[EventDate "2025.07.31"]
[EventType "k.o."]

1. d4 Nf6 2. g3 g6 3. Bg2 d5 4. c4 dxc4 5. Qa4+ Nbd7 6. Nf3 Bg7 7. Nc3 a6 8. Bf4
Nh5 9. Be3 O-O 10. Qxc4 b5 11. Qb3 Bb7 12. O-O Rc8 13. Rfd1 c5 14. dxc5 Qc7 15.
Rac1 Nxc5 16. Nxb5 Qb6 17. Bxc5 Rxc5 18. Rxc5 Qxc5 19. Nc3 Bc6 20. Ne1 Bxg2 21.
Nxg2 Rc8 22. Ne3 Bxc3 23. Rc1 Qa5 24. Nd5 Rc5 25. Nxc3 Nf6 26. Rd1 Qc7 27. Qb4
Rc4 28. Rd8+ Kg7 29. Qb8 Qc6 30. Qe5 Qb7 31. Rd2 h5 32. f3 Rc6 33. Kg2 Re6 34.
Qf4 Qc6 35. h4 Qc5 36. Qd4 Qc8 37. e4 Rd6 38. Qe3 Rxd2+ 39. Qxd2 Nd7 40. Nd5 e6
41. Qc3+ Qxc3 42. Nxc3 Kf6 43. Kf2 Ne5 44. Ke2 Nc6 45. Ke3 g5 46. hxg5+ Kxg5 47.
Na4 Nb4 48. a3 Nc6 49. b4 Na7 50. Nc5 Nb5 51. a4 Nc7 52. Kd4 f6 53. Kc4 f5 54.
b5 axb5+ 55. axb5 f4 56. b6 Ne8 57. Nxe6+ Kf6 58. Nxf4 1-0

[Event "Esports World Cup 2025"]
[Site "Riyadh KSA"]
[Date "2025.07.31"]
[Round "2.1.4"]
[White "Erigaisi, Arjun"]
[Black "Firouzja, Alireza"]
[Result "1/2-1/2"]
[WhiteTitle "GM"]
[BlackTitle "GM"]
[WhiteElo "2776"]
[BlackElo "2766"]
[WhiteFideId "35009192"]
[BlackFideId "12573981"]
[EventDate "2025.07.31"]
[EventType "k.o."]

1. e4 e5 2. Nf3 Nf6 3. Nxe5 d6 4. Nf3 Nxe4 5. d4 d5 6. Bd3 Be7 7. O-O Bf5 8. Re1
O-O 9. Nbd2 Nd6 10. Nf1 Bxd3 11. Qxd3 c6 12. Bf4 Na6 13. Ng3 Nc7 14. h4 Ne6 15.
Be5 Nc4 16. Nf5 Nxe5 17. Nxe7+ Qxe7 18. Rxe5 f6 19. Re3 Rae8 20. Rae1 Qd6 21. h5
Nc7 22. Nh4 Rxe3 23. Rxe3 Re8 24. Nf5 Rxe3 25. Qxe3 Qd7 26. Qh3 Kf7 27. Qg4 Ne8
28. Qf4 Qe6 29. Kf1 g6 30. Ne3 gxh5 31. Qb8 Nd6 32. Qxa7 h4 33. Qb8 h3 34. gxh3
Qxh3+ 35. Ke2 Qe6 36. a4 Kg6 37. b3 h5 38. Kf1 Ne4 39. Qh2 Ng5 40. Qg2 Qe4 41.
Qxe4+ Nxe4 42. f3 Nd6 43. c4 dxc4 44. bxc4 Kg5 45. a5 h4 46. Kg2 f5 47. c5 Nb5
48. d5 cxd5 49. Nxd5 Na7 50. Nb4 Kf4 51. a6 bxa6 52. Nxa6 Nc6 53. Nc7 h3+ 54.
Kxh3 Kxf3 55. Ne6 Ke4 56. Kh4 Kd5 57. Ng7 Kxc5 58. Nxf5 1/2-1/2

[Event "Esports World Cup 2025"]
[Site "Riyadh KSA"]
[Date "2025.07.31"]
[Round "2.1.5"]
[White "Firouzja, Alireza"]
[Black "Erigaisi, Arjun"]
[Result "1-0"]
[WhiteTitle "GM"]
[BlackTitle "GM"]
[WhiteElo "2766"]
[BlackElo "2776"]
[WhiteFideId "12573981"]
[BlackFideId "35009192"]
[EventDate "2025.07.31"]
[EventType "k.o."]

1. d4 Nf6 2. Nf3 e6 3. c4 d5 4. Nc3 Nbd7 5. Bf4 Bb4 6. e3 c5 7. a3 Bxc3+ 8. bxc3
Qa5 9. Qc2 b6 10. Nd2 O-O 11. a4 cxd4 12. exd4 dxc4 13. Nxc4 Qd5 14. Ne3 Qc6 15.
Bb5 Qb7 16. O-O Nd5 17. Nxd5 exd5 18. Rfe1 a6 19. Bd3 h6 20. Re7 Qc6 21. Rae1
Qf6 22. Bg3 g6 23. Qd2 h5 24. Qh6 Qg7 25. Qg5 Ra7 26. h4 1-0

[Event "Esports World Cup 2025"]
[Site "Riyadh KSA"]
[Date "2025.08.01"]
[Round "3.1.1"]
[Board "1"]
[White "Carlsen, Magnus"]
[Black "Firouzja, Alireza"]
[Result "1-0"]
[WhiteTitle "GM"]
[BlackTitle "GM"]
[WhiteElo "2839"]
[BlackElo "2766"]
[WhiteFideId "1503014"]
[BlackFideId "12573981"]
[EventDate "2025.07.31"]

1. d4 Nf6 2. c4 e6 3. Nf3 d5 4. g3 Bd6 5. Bg2 O-O 6. O-O Nc6 7. Nc3 dxc4 8. Qa4
e5 9. d5 Nb4 10. Nxe5 Nbxd5 11. Nxc4 Nxc3 12. bxc3 Bc5 13. Be3 Qe7 14. Rab1 c6
15. Bxc5 Qxc5 16. Qb4 Qh5 17. Bf3 Bg4 18. Qxb7 Bxf3 19. exf3 Qxf3 20. Ne5 Qxc3
21. Nxc6 Qa3 22. Nb8 Raxb8 23. Qxb8 Qxa2 24. Qe5 h5 25. Rb8 Rxb8 26. Qxb8+ Kh7
27. Qb1+ Qxb1 28. Rxb1 g6 29. Ra1 Kg7 30. Rxa7 Ne4 31. Kg2 Ng5 32. Ra5 Ne4 33.
Kf3 Nf6 34. h3 Nd7 35. Ke4 Kf6 36. Ra6+ Kg7 37. Kd5 Nf6+ 38. Ke5 Nd7+ 39. Kd6
Nf6 40. Ra4 Kf8 41. f3 Ne8+ 42. Ke5 Kg7 43. Ra6 Nc7 44. Rc6 Ne8 45. f4 1-0

[Event "Esports World Cup 2025"]
[Site "Riyadh KSA"]
[Date "2025.08.01"]
[Round "3.1.2"]
[Board "1"]
[White "Firouzja, Alireza"]
[Black "Carlsen, Magnus"]
[Result "1/2-1/2"]
[WhiteTitle "GM"]
[BlackTitle "GM"]
[WhiteElo "2766"]
[BlackElo "2839"]
[WhiteFideId "12573981"]
[BlackFideId "1503014"]
[EventDate "2025.07.31"]

1. e4 e5 2. Nf3 Nc6 3. Bc4 Nf6 4. Ng5 d5 5. exd5 Na5 6. Bb5+ Bd7 7. Qe2 Bd6 8.
Nc3 c6 9. Nge4 Nxe4 10. Nxe4 Be7 11. dxc6 Nxc6 12. Bxc6 Bxc6 13. d3 O-O 14. O-O
f5 15. Nc3 Qd6 16. f3 Rae8 17. Be3 a6 18. Kh1 Qg6 19. Qf2 Rf7 20. Bc5 Bf6 21. d4
e4 22. d5 Bd7 23. Bd4 exf3 24. gxf3 Bxd4 25. Qxd4 f4 26. Ne4 Bf5 27. Rae1 Rfe7
28. Rg1 Rxe4 29. Rxg6 Rxd4 30. Rxe8+ Kf7 31. Rge6 Bxe6 32. Rxe6 Rxd5 33. Rb6 Rb5
34. Rxb5 axb5 35. Kg2 Ke6 36. c3 Kf5 37. h4 g6 38. Kh3 h6 39. b3 h5 40. a3 Ke5
41. Kg2 Kd5 42. Kh3 Ke5 43. Kg2 Kf5 44. Kh3 Ke5 1/2-1/2

[Event "Esports World Cup 2025"]
[Site "Riyadh KSA"]
[Date "2025.08.01"]
[Round "3.1.3"]
[Board "1"]
[White "Carlsen, Magnus"]
[Black "Firouzja, Alireza"]
[Result "1/2-1/2"]
[WhiteTitle "GM"]
[BlackTitle "GM"]
[WhiteElo "2839"]
[BlackElo "2766"]
[WhiteFideId "1503014"]
[BlackFideId "12573981"]
[EventDate "2025.07.31"]

1. e4 c6 2. Nf3 d5 3. d3 g6 4. Nbd2 Bg7 5. g3 e5 6. Bg2 Ne7 7. O-O O-O 8. Re1
Qc7 9. c3 a5 10. d4 exd4 11. Nxd4 Na6 12. exd5 Nxd5 13. Nc4 Nc5 14. Bxd5 cxd5
15. Bf4 Qd8 16. Bd6 dxc4 17. Bxc5 Re8 18. Qf3 h5 19. h4 Ra6 20. Rxe8+ Qxe8 21.
Qe2 Qxe2 22. Nxe2 Bg4 23. Kf1 Re6 24. Nf4 Re5 25. Ba3 b5 26. Re1 Bf5 27. Rxe5
Bxe5 28. Ke2 f6 29. Nd5 Kf7 30. f4 Bb8 31. Bc5 Be4 32. Nb6 a4 33. Nd7 Bc7 34.
Bd4 Bd8 35. Ke3 Bc6 36. Nc5 Be7 37. a3 Bd5 38. Kf2 Bd6 39. Ke3 g5 40. Ne4 gxf4+
41. gxf4 Be7 42. f5 Bc6 43. Bb6 Bd7 44. Kf4 Bc6 45. Ke3 Bd7 46. Kf4 Bf8 47. Ng3
Bh6+ 48. Ke4 Bc1 49. Bc5 Bxb2 50. Ne2 Bc6+ 51. Ke3 Bg2 52. Kd2 Be4 53. Nd4 Bd3
54. Bb4 Kg8 55. Bc5 Kg7 56. Bb4 Kg8 57. Bc5 Kg7 58. Bb4 Kg8 1/2-1/2